000 00721nam a22002177a 4500
003 UA-OsUOA
001 63981
007 ta
008 20091027b un ||||| |||| 00| 0 ukr d
100 _aГідулян А.
090 _a330(477)
_bГ51
942 _cSA
040 _aUA-OsUOA
_bukr
_cUA-OsUOA
_dUA-OsUOA
245 _aДержавна фінансово-кредитна політика в площині розвитку банківської системи України
300 _aС.35-46
955 _a0
041 _aukr
080 _a330(477)
773 0 _w63978
_tВісник Національного банку України
_dК.
_d2009
_g10
650 7 _a330 Економіка взагалі
_2UDC
999 _c350057
_d350057